Normal view
MARC view
- Open inventor C++ Reference Manual
Entry Topical Term
001 - CONTROL NUMBER
- control field: 125381
003 - CONTROL NUMBER IDENTIFIER
- control field: NUST
005 - DATE AND TIME OF LATEST TRANSACTION
- control field: 20240827104928.0
008 - FIXED-LENGTH DATA ELEMENTS
- fixed length control field: 240827|| aca||aabn | a|a d
040 ## - CATALOGING SOURCE
- Original cataloging agency: NUST
- Transcribing agency: NUST
150 ## - HEADING--TOPICAL TERM
- Topical term or geographic name entry element: Open inventor C++ Reference Manual
670 ## - SOURCE DATA FOUND
- Source citation: Work cat.: (NUST): Open inventor architecture group 125380, Open inventor C++ Reference Manual, 1994.
